First Name Basis: Television Quiz Stats

 Plays Quiz Updated Apr 13, 2018

Score 0/20 Timer 05:00
0 Plays Today
% Correct
Rachel
95.1%
Homer
94.9%
Buffy
94.4%
Sheldon
93.9%
Dexter
90.9%
Morticia
90.5%
Daenerys
90.1%
Walter
88.7%
Stewart
87.8%
Eric
87.1%
% Correct
George
85.4%
Barnabas
83.3%
John Ross
80.5%
Rose
76.4%
Lorelai
75.5%
Donald
74.3%
Edith
71.2%
Claire
71%
Donna Jo
67.5%
Elizabeth
62.5%

You're not logged in!

Compare scores with friends on all Sporcle quizzes.
OR
Log In

Sporcle TV

Today on Sporcle TV


Watch our educational content, quiz creation guides, and fun videos on Sporcle TV.

Show Comments

Extras

Top Quizzes Today


Score Distribution

Your Account Isn't Verified!

In order to create a playlist on Sporcle, you need to verify the email address you used during registration. Go to your Sporcle Settings to finish the process.

Report this User

Report this user for behavior that violates our Community Guidelines.

Details: